Central Library OPAC University of Rajshahi

ইঙ্গ-মার্কিন বাহিনীর ইরাক দখল : (Record no. 44255)

MARC details
000 -LEADER
fixed length control field 00976nam a2200229 a 4500
001 - CONTROL NUMBER
control field 44255
003 - CONTROL NUMBER IDENTIFIER
rucl marc code BD-RjUL
005 - DATE AND TIME OF LATEST TRANSACTION
control field 20211209053826.0
008 - FIXED-LENGTH DATA ELEMENTS--GENERAL INFORMATION
fixed length control field 160716s2004 bg ||||| |||| 00| 0 ben d
020 ## - INTERNATIONAL STANDARD BOOK NUMBER
Terms of availability : Tk. 150.00
035 ## - SYSTEM CONTROL NUMBER
System control number (BD-RjUL)44373
040 ## - CATALOGING SOURCE
Original cataloging agency BD-RjUL
Language of cataloging ben
Transcribing agency BD-RjUL
041 ## - LANGUAGE CODE
Language code of text/sound track or separate title ben
082 ## - DEWEY DECIMAL CLASSIFICATION NUMBER
Edition number 23
Classification number 956.7
Author mark and year ING 2004
245 ## - TITLE STATEMENT
Title ইঙ্গ-মার্কিন বাহিনীর ইরাক দখল :
Remainder of title আমাদের করণীয় /
Statement of responsibility, etc. মোহাম্মদ নাসের, সম্পাদিত
260 ## - PUBLICATION, DISTRIBUTION, ETC. (IMPRINT)
Place of publication, distribution, etc. রাজশাহী :
Name of publisher, distributor, etc. শিখা অনির্বাণ,
Date of publication, distribution, etc. ২০০৪
300 ## - PHYSICAL DESCRIPTION
Pagination ১৯১ পৃ. ;
Size ২২ সেমি.
650 ## - SUBJECT ADDED ENTRY--TOPICAL TERM
Topical term or geographic name as entry element ইতিহাস
Form subdivision রাজনীতি ও সরকার .
General subdivision ইরাক
9 (RLIN) 135885
Topical term or geographic name as entry element History
Form subdivision Politics and government.
General subdivision Iraq
9 (RLIN) 135886
700 ## - ADDED ENTRY--PERSONAL NAME
Personal name নাসের, মোহাম্মদ সম্পাদক
942 ## - ADDED ENTRY ELEMENTS (KOHA)
Source of classification or shelving scheme Dewey Decimal Classification
Koha item type Books
Holdings
Lost status Source of classification or shelving scheme Damaged status Not for loan Collection code Permanent Location Current Location Shelving location Date acquired Source of acquisition Cost, normal purchase price Total Checkouts Full call number Date last seen Copy number Koha item type Date checked out
  Dewey Decimal Classification     Non-fiction Central Library, University of Rajshahi Central Library, University of Rajshahi   06/03/2005 Author 150.00   B 956.7 ING 2004 16/07/2016 C-2 Books  
  Dewey Decimal Classification     Non-fiction Central Library, University of Rajshahi Central Library, University of Rajshahi   06/03/2005 Author 150.00   B 956.7 ING 2004 08/08/2016 C-3 Books  
  Dewey Decimal Classification     Non-fiction Central Library, University of Rajshahi Central Library, University of Rajshahi   06/03/2005 Author 150.00 1 B 956.7 ING 2004 15/12/2019 C-4 Books 08/12/2019
  Dewey Decimal Classification     Non-fiction Central Library, University of Rajshahi Central Library, University of Rajshahi   06/03/2005 Author 150.00   B 956.7 ING 2004 13/08/2016 C-5 Books  
  Dewey Decimal Classification   Not For Loan Non-fiction Central Library, University of Rajshahi Central Library, University of Rajshahi Reading Room 06/03/2005 Author. 150.00   B 956.7 ING 2004 17/12/2016 C-1 Books